| 000 | 00843nam a2200265 i 4500 | ||
|---|---|---|---|
| 001 | bg | ||
| 003 | BPK | ||
| 005 | 20210824130639.0 | ||
| 008 | 090120s gw a |000 0 eng | ||
| 020 | _a3822824267 | ||
| 040 | _cBPK | ||
| 041 | 0 | _aeng | |
| 080 | _a7.05 | ||
| 100 | 1 |
_aFiell, Charlotte _d(1965- ) _eAutor |
|
| 245 | 1 | 0 |
_aIndustrial design A-Z / _cCharlotte & Peter Fiell. |
| 260 |
_aKöln [etc.] : _bTaschen, _ccop. 2003. |
||
| 300 |
_a191 s. : _bil. (w tym kolor.) ; _c20 cm. |
||
| 490 | _aIcons | ||
| 650 | 4 | _aWzornictwo przemysłowe | |
| 700 | 1 |
_aFiell, Peter _d(1958- ) _eAutor |
|
| 830 | _aIcons | ||
| 856 |
_uhttp://koha.tu.koszalin.pl/cgi-bin/koha/opac-detail.pl?biblionumber=56221 _yKatalog online BPK |
||
| 942 |
_cKS _2UKD |
||
| 999 |
_c56221 _d56221 |
||